ARRUPE JESUIT UNIVERSITY

CORONAVIRUS -STOP THE SPREAD - CLEAN,DISINFECT,COVER

From nuns to sisters : (Record no. 130549)

MARC details
000 -LEADER
fixed length control field 00856nam a2200253 a 4500
001 - CONTROL NUMBER
control field 1982894
003 - CONTROL NUMBER IDENTIFIER
control field ARRUPE
005 - DATE AND TIME OF LATEST TRANSACTION
control field 20201028103542.0
008 - FIXED-LENGTH DATA ELEMENTS--GENERAL INFORMATION
fixed length control field 890905s1990 ctu b 000 0 eng
010 ## - LIBRARY OF CONGRESS CONTROL NUMBER
LC control number 89051579
020 ## - INTERNATIONAL STANDARD BOOK NUMBER
International Standard Book Number 0896224007
040 ## - CATALOGING SOURCE
Original cataloging agency DLC
Transcribing agency DLC
Modifying agency DLC
050 00 - LIBRARY OF CONGRESS CALL NUMBER
Classification number BX2435
Item number .N342 1990
082 00 - DEWEY DECIMAL CLASSIFICATION NUMBER
Classification number 255/.9
Edition number 20
300 ## - PHYSICAL DESCRIPTION
Dimensions 22 cm.
100 1# - MAIN ENTRY--PERSONAL NAME
Personal name Neal, Marie Augusta.
9 (RLIN) 50011
245 10 - TITLE STATEMENT
Title From nuns to sisters :
Remainder of title an expanding vocation /
Statement of responsibility, etc Marie Augusta Neal.
260 ## - PUBLICATION, DISTRIBUTION, ETC. (IMPRINT)
Place of publication, distribution, etc Mystic, Conn. :
Name of publisher, distributor, etc Twenty-Third Publications,
Date of publication, distribution, etc c1990.
300 ## - PHYSICAL DESCRIPTION
Extent viii, 143 p. ;
504 ## - BIBLIOGRAPHY, ETC. NOTE
Bibliography, etc Includes bibliographical references (p. 132-143).
650 ## - SUBJECT ADDED ENTRY--TOPICAL TERM
Topical term or geographic name as entry element Religious life
9 (RLIN) 5701
906 ## - LOCAL DATA ELEMENT F, LDF (RLIN)
a 7
b cbc
c orignew
d 3
e ocip
f 19
g y-gencatlg
942 ## - ADDED ENTRY ELEMENTS (KOHA)
Source of classification or shelving scheme Library of Congress Classification
Koha item type Monograph ( Printed materials)
Holdings
Withdrawn status Lost status Source of classification or shelving scheme Damaged status Not for loan Collection code Home library Current library Shelving location Date acquired Total Checkouts Full call number Barcode Date last seen Price effective from Koha item type
    Library of Congress Classification     Main Collection ARRUPE LIBRARY ARRUPE LIBRARY Main Collection 28/10/2020   BX2435 .N342 1990 46600008106 28/10/2020 28/10/2020 Monograph ( Printed materials)

 

Arrupe Library. PO Box MP320 Mt Pleasant, Harare, Zimbabwe
263 242 745411|librarian@aju.ac.zw